[Event "GER-chT WK U18 4th"]
[Site "Kiel"]
[Date "2008.06.01"]
[Round "4.3"]
[White "Becker, Nina"]
[Black "Hahn, Hendrik"]
[Result "1/2-1/2"]
[WhiteElo "964"]
[BlackElo "800"]
[PlyCount "61"]
[EventDate "2008.05.31"]
[EventType "team-swiss"]
[EventRounds "7"]
[EventCountry "GER"]
[SourceTitle "EXT 2010"]
[Source "ChessBase"]
[SourceDate "2010.11.25"]
[SourceVersion "1"]
[SourceVersionDate "2010.11.25"]
[SourceQuality "1"]

1. e4 e5 2. Nf3 Nc6 3. Bc4 Bc5 4. d3 Nd4 5. Be3 Nf6 6. Bxd4 exd4 7. 0-0 d6 8. Nbd2 Bg4 9. h3 Bxf3 10. Nxf3 0-0 11. Re1 Qd7 12. e5 dxe5 13. Nxe5 Qf5 14. Nf3 Bd6 15. Qd2 Qf4 16. Qd1 Rfe8 17. Re2 Rxe2 18. Qxe2 Re8 19. Qd2 Qxd2 20. Nxd2 Bf4 21. Nf3 h6 22. Re1 Rxe1+ 23. Nxe1 c6 24. c3 dxc3 25. bxc3 b5 26. Bb3 Bd2 27. Nc2 Bxc3 28. a4 b4 29. Ne3 c5 30. Nf5 Kh7 31. Nd6 1/2-1/2